000 00528nam a22001817a 4500
999 _c190210
_d190210
005 20220720150456.0
010 _aENG-133725
020 _a9789386473301
_c399.00
035 _aEN-117257
037 _bDBAD/PUB
082 _a305.231
100 _aKapur, Malavika
245 _aWhat's the hurry?/
_cMalavika Kapur
260 _aNew Delhi
_bVitasta Publishing Pvt. Ltd.
_c2018
270 _a2/15, Ansari Road, Dariyaganj
_bNew Delhi
_e110002
300 _a289p.
_c21cm(pbk)
942 _2ddc
_cEN
_h305.231
_mKAP